|
|
|
|
| LEADER |
00894cam a2200217 7i4500 |
| 001 |
0000009636 |
| 005 |
20221021090000.0 |
| 008 |
071219 eng |
| 020 |
|
|
|a 9780763704407
|
| 020 |
|
|
|a 0763704407 (pbk.)
|
| 040 |
|
|
|a UNiSEL
|
| 090 |
0 |
0 |
|a QD253
|b .F66 1997
|
| 100 |
1 |
|
|a Fox, Marye Anne
|
| 245 |
1 |
0 |
|a Study guide and solutions manual to accompany Core organic chemistry :
|b with nucleophile/electrophile reaction guide
|c Marye Anne Fox, James K. Whitesell, Dr. Donna Nelson.
|
| 260 |
|
|
|a Sudbury, Mass.:
|b Jones and Bartlett,
|c 1997.
|
| 300 |
|
|
|a viii, 316 p.:
|b ill.;
|c 27 cm.
|
| 650 |
0 |
0 |
|a Chemistry, Organic --
|x Study and teaching
|
| 700 |
1 |
|
|a Nelson, Donna
|
| 997 |
|
|
|a Engineering & Life Sciences, Faculty
|b Science & Biotechnology, Department
|
| 998 |
|
|
|a Biotechnology & Life Sciences, Diploma
|
| 999 |
|
|
|a 0000016393
|b BOK
|c REFERENCE
|e Ground Floor, Bestari Jaya
|